000 00688nam a2200265Ia 4500
005 20260121172154.0
008 008 260114s9999 xx 000 0 eng d
020 _a9783030585518
037 _aEBOOK
040 _aCRL
040 _beng
040 _cCRL
041 _2eng
041 _aeng
084 _qCRL
100 _aUrszula Michalik, Pawe? Zakrajewski, Iwona Sznicer, Anna Stwora
_91085161
245 0 _aExploring Business Language and Culture
260 _bSpringer
260 _bSpringer
260 _c2020
856 _uhttps://link.springer.com/openurl?genre=book&isbn=978-3-030-58551-8
942 _cEBOOK
999 _c1650898
_d1650898